Riconosci il Pokémon - Quiz n°289 - Statistics

Statistiche generali
  • Questo quiz è stato fatto 2 volte
  • Il punteggio medio è 10 su 10
Statistiche sulle risposte
Indizio Risposta % Corretto
Altezza 3,5 m
100%
Sesso 50% ♂, 50% ♀
100%
Peso 65,0 kg
100%
Tasso di cattura 90 (20.1%)
100%
Tasso di allevamento Medio-Veloce
100%
Abilità Prepotenza; Muta; Agitazione
100%
Generazione Prima
100%
Stadio evoluzione Prima evoluzione
100%
Tipo Veleno
100%
Pokémon Arbok
50%
Nessun quiz corrispondente trovato
Distribuzione punteggi
Percentuale di utenti per punteggio
Percentile per numero di risposta
I tuoi punteggi nel tempo
Non hai fatto questo quiz